000
00300nam a22001337a 4500
008
170824b xxu||||| |||| 00| 0 eng d
020
_a
9780131752061
041
_a
eng
080
_2
4 ED
_a
51
100
_a
38
101
_a
MAT
245
_a
THINKING MATHEMATICALLY
_c
BLITZER.R
942
_2
udc
_c
BK
999
_c
24734
_d
24734